Economics of mining and health hazards (Record no. 9156)

MARC details
000 -LEADER
fixed length control field 00527nam a2200169Ia 4500
020 ## - INTERNATIONAL STANDARD BOOK NUMBER
ISBN 9789381839980
082 ## - DEWEY DECIMAL CLASSIFICATION NUMBER
Classification number 338.20954133
Item number PAT-E
100 ## - MAIN ENTRY--AUTHOR NAME
Personal name Patra, Sudhakar
100 ## - MAIN ENTRY--AUTHOR NAME
Personal name Sahu, Kabita Kumar
245 #0 - TITLE STATEMENT
Title Economics of mining and health hazards
260 ## - PUBLICATION, DISTRIBUTION, ETC. (IMPRINT)
Place of publication New Delhi
Name of publisher Avon Publications
Year of publication 2018
300 ## - PHYSICAL DESCRIPTION
Number of Pages vi, 186p
504 ## - BIBLIOGRAPHY, ETC. NOTE
Bibliography, etc Include Bibliography and Index
650 ## - SUBJECT ADDED ENTRY--TOPICAL TERM
Topical Term Mines and Mineral Resources
Form subdivision Environmental aspects
-- Health aspects
Geographic subdivision India
650 ## - SUBJECT ADDED ENTRY--TOPICAL TERM
Topical Term Economics hazards
Geographic subdivision Odisha-India
942 ## - ADDED ENTRY ELEMENTS (KOHA)
Koha item type Books
Source of classification or shelving scheme Dewey Decimal Classification
Holdings
Withdrawn status Lost status Damaged status Not for loan Home library Current library Date acquired Source of acquisition Bill Date Full call number Accession Number Price effective from Koha item type
        NASSDOC Library NASSDOC Library 20/03/2018 OP 2018-02-28 338.20954133 PAT-E 49674 18/04/2019 Books